000
00228nam a22000977a 4500
082
_a
303.6
_b
REA 1990
245
_a
Reading in Conflict theory
260
_a
United States
_b
George Mason University
_c
1990
300
_a
var
942
_c
BK
999
_c
16123
_d
16123